000 01670cam a22004934i 4500
003 PE-LiUPU
005 20250731165516.0
008 150623s2001 sp rb 000 0 spa d
020 _a8479145609
035 _a(Sirsi) i9788479145606
040 _aPE-LiUPU
_bspa
_cPE-LiUPU
_erda
049 _aPRUA
082 0 4 _a203
_bG88
_221
100 1 _aGuerra Gómez, Manuel,
_eautor.
245 1 0 _aDiccionario enciclopédico de las sectas /
_cManuel Guerra Gómez.
264 1 _aMadrid :
_bBiblioteca de Autores Cristianos,
_c2001.
300 _a1053 páginas ;
_c23 centímetros
336 _atext
_2rdacontent
337 _aunmediated
_2rdamedia
338 _avolume
_2rdacarrier
504 _aIncluye bibliografía.
505 0 _aDiccionario de las sectas de la A - Z.
526 _aSEG44
526 _aSEG26
526 _aP151
526 _aP150
526 _aP149
526 _aP146
526 _aP145
526 _aP126
526 _aP125
526 _aP92
526 _aP75
526 _aP74
526 _aP27
526 _aP15
650 0 4 _aReligiones
_vEnciclopedias.
942 _2ddc
_cBOOK
949 _aRC 203 G88
_wDEWEY
_c1
_i49526
_lCCODEBUL1
_mBUL
_r0
_sY
_tBOOK
_u2015-6-24
_xTEOLOGIA
_PP35
_0COMPRA
_o.CIRCNOTE. No olvidar cambiar la fecha de devolución!!!!!!!
_o.STAFF. Colección General
994 _aC0
_bPEPRU
596 _a1
999 _aRC 203 G88
_wDEWEY
_c30559
_i49526
_d30559
_e2017-7-10
_f2021-11-8
_g6
_lCCODEBUL1
_mBUL
_n1
_p20.00
_q2
_r1
_sY
_tBOOK
_u2015-6-24
_xTEOLOGIA
_PP35
_0COMPRA
_o.CIRCNOTE. No olvidar cambiar la fecha de devolución!!!!!!!
_o.STAFF. Colección Teología
980 _81
_gALBERTO SANCHEZ Responsable de Automatización